| 000 | 00599nam a22001937a 4500 | ||
|---|---|---|---|
| 008 | 151012b xxu||||| |||| 00| 0 eng d | ||
| 020 | _a9780071741248 (alk. paper) | ||
| 020 | _a0071741240 (alk. paper) | ||
| 041 | 0 | _aeng | |
| 080 | _a159.96 | ||
| 100 | 1 | _aĀzmandiyān, ʻAlī Riz̤ā, | |
| 245 | 1 | 0 |
_aThink yourself successful : _cAlireza Azmandian. |
| 260 |
_aNew York : _bMcGraw-Hill, _c2010. |
||
| 300 |
_axvii, 201 p. ; _b2 cm. |
||
| 650 | 0 | _aSuksesi | |
| 650 | 0 | _avetë-aktualizimi | |
| 650 | 0 | _aPsikologji | |
| 942 |
_2udc _cBK |
||
| 999 |
_c1257 _d1257 |
||